000 05323nkc a22004817a 4500
001 85816
005 20260429092648.0
007 kh boc
008 260420s1890 sp ||||| |||| |0| i|spa d
040 _aM-RABA
_bspa
_cM-RABA
245 0 1 _a[Ávila
_b: vistas de calles y monumentos]
_h[Material gráfico]
260 _c1890
300 _a11 fotografías
_b: aristotipo
_c; imagen 11 x 8 cm
_c; soporte secundario 19 x 16 cm
500 0 0 _aConjunto de 11 fotografías que muestran diferentes vistas de Ávila, principalmente de calles, la Catedral e Iglesias.
500 0 0 _aNotas manuscritas a tinta en el verso del soporte secundario, donde se indica la ubicación y la fecha: Fot-659: "Ávila. Puerta del Alcázar. Stbre. 1890" -- Fot-660: "Ávila. Vista Gral. tomada desde los Cuatro Postes. Stbre. 1890" -- Fot-661: "Ávila. Calle del Tostado desde la Plaza de la Catedral. Septiembre 1890" -- Fot-662: "Ávila. Trascoro de la Catedral. Stbre. 1890" -- Fot-663: "Ávila. Puerta pral. de la Catedral. Stbre. 1890" -- Fot-664: "Ávila. Fachada lateral de la Iglesia de San Vicente. Stbre. 1890" -- Fot-665: "Ávila. Ábside de la fachada de San Vicente. Stbre. 1890" -- Fot-666: "Ávila. Vista de la Iglesia de San Vicente. Stbre. 1890" -- Fot-667: "Ávila. Casa de Pua Mariae. Septiembre 1890" -- Fot-668: "Ávila. Puerta gral. de la Iglesia de Santo Domingo. Stbre. 1890" -- Fot-669: "Ávila. Puerta de la Iglesia de San Segundo, en el puente. Stbre. 1890".
610 2 7 _aCatedral de Ávila (España)
_937668
651 7 _aÁvila (España)
_975657
655 0 _aFotografías de monumentos
_9111580
852 _jFot-659; Fot-660; Fot-661; Fot-662; Fot-663; Fot-664 Fot-665; Fot-666; Fot-667; Fot-668; Fot-669
856 _uhttps://archivoybiblioteca.realacademiabellasartessanfernando.com/cgi-bin/koha/opac-retrieve-file.pl?id=5e67ae199ee379c270e42a9712863dd3
_yFot-659r
856 _uhttps://archivoybiblioteca.realacademiabellasartessanfernando.com/cgi-bin/koha/opac-retrieve-file.pl?id=c7bc9cbb5952dbac68e519a1f22b1067
_yFot-659v
856 _uhttps://archivoybiblioteca.realacademiabellasartessanfernando.com/cgi-bin/koha/opac-retrieve-file.pl?id=7a88602303278c77e1f8692649d096c6
_yFot-660r
856 _uhttps://archivoybiblioteca.realacademiabellasartessanfernando.com/cgi-bin/koha/opac-retrieve-file.pl?id=1492cb3b07bbd1a180563829bd0c0a66
_yFot-660v
856 _uhttps://archivoybiblioteca.realacademiabellasartessanfernando.com/cgi-bin/koha/opac-retrieve-file.pl?id=f7ddffd3b4dcfc2250f6e32847ef430c
_yFot-661r
856 _uhttps://archivoybiblioteca.realacademiabellasartessanfernando.com/cgi-bin/koha/opac-retrieve-file.pl?id=794ebdd82ff49a82694098585eb6904d
_yFot-661v
856 _uhttps://archivoybiblioteca.realacademiabellasartessanfernando.com/cgi-bin/koha/opac-retrieve-file.pl?id=6df5b81c19d66adf4a956119152b09cc
_yFot-662r
856 _uhttps://archivoybiblioteca.realacademiabellasartessanfernando.com/cgi-bin/koha/opac-retrieve-file.pl?id=5ebe1ef9b3384aed6eba6290df2b1935
_yFot-662v
856 _uhttps://archivoybiblioteca.realacademiabellasartessanfernando.com/cgi-bin/koha/opac-retrieve-file.pl?id=ae45b91ed930800dd0cb86c29825a9ef
_yFot-663r
856 _uhttps://archivoybiblioteca.realacademiabellasartessanfernando.com/cgi-bin/koha/opac-retrieve-file.pl?id=da9303377eb12223ff0926fcebc062b0
_yFot-663v
856 _uhttps://archivoybiblioteca.realacademiabellasartessanfernando.com/cgi-bin/koha/opac-retrieve-file.pl?id=974b0867cfdc7ab2492aed391b49eee7
_yFot-664r
856 _uhttps://archivoybiblioteca.realacademiabellasartessanfernando.com/cgi-bin/koha/opac-retrieve-file.pl?id=0a90392fb84f7779e2d68a3179d8f8ba
_yFot-664v
856 _uhttps://archivoybiblioteca.realacademiabellasartessanfernando.com/cgi-bin/koha/opac-retrieve-file.pl?id=e1ec84c0da67368761f7bedb6c67a2a3
_yFot-665r
856 _uhttps://archivoybiblioteca.realacademiabellasartessanfernando.com/cgi-bin/koha/opac-retrieve-file.pl?id=f75996ec1d8065b5b0446e672c6e67cf
_yFot-665v
856 _uhttps://archivoybiblioteca.realacademiabellasartessanfernando.com/cgi-bin/koha/opac-retrieve-file.pl?id=9ffd56008a124859dd0aab9e1fa78101
_yFot-666r
856 _uhttps://archivoybiblioteca.realacademiabellasartessanfernando.com/cgi-bin/koha/opac-retrieve-file.pl?id=5c8e5be458b10dd2450340761902b585
_yFot-666v
856 _uhttps://archivoybiblioteca.realacademiabellasartessanfernando.com/cgi-bin/koha/opac-retrieve-file.pl?id=bb32c4421aca9fb42e4173a893fd43b9
_yFot-667r
856 _uhttps://archivoybiblioteca.realacademiabellasartessanfernando.com/cgi-bin/koha/opac-retrieve-file.pl?id=6c318aa74fa31756000d7999ce5fd763
_yFot-667v
856 _uhttps://archivoybiblioteca.realacademiabellasartessanfernando.com/cgi-bin/koha/opac-retrieve-file.pl?id=68d8005a3f7719222bac64e93a1e421a
_yFot-668r
856 _uhttps://archivoybiblioteca.realacademiabellasartessanfernando.com/cgi-bin/koha/opac-retrieve-file.pl?id=53527c9d9c1217a37142b9f41d1070d9
_yFot-668v
856 _uhttps://archivoybiblioteca.realacademiabellasartessanfernando.com/cgi-bin/koha/opac-retrieve-file.pl?id=ce96179e2be774f18e2e9b97e15382f2
_yFot-669r
856 _uhttps://archivoybiblioteca.realacademiabellasartessanfernando.com/cgi-bin/koha/opac-retrieve-file.pl?id=524d108866421159211f810eed635819
_yFot-669v
942 _cFOTOGRAFÍA
_n0
999 _c85816
_d85816